Lukianu = Luciani opera
| Subtitles: | Luciani opera Opera |
|---|---|
| Main Author: | |
| Format: | Print Article |
| Language: | Undetermined language |
| Check availability: | HBZ Gateway |
| Interlibrary Loan: | Interlibrary Loan for the Fachinformationsdienste (Specialized Information Services in Germany) |
| Published: |
1503
|
| In: |
Opera
Year: 1503, Issue: 1 |
| Parallel Edition: | Electronic
|
| Sammlungen: |
MARC
| LEADER | 00000caa a2200000 c 4500 | ||
|---|---|---|---|
| 001 | 592713059 | ||
| 003 | DE-627 | ||
| 005 | 20251103144355.0 | ||
| 007 | tu | ||
| 008 | 090226s1503 xx ||||| 00| ||und c | ||
| 035 | |a (DE-627)592713059 | ||
| 035 | |a (DE-576)9592713057 | ||
| 035 | |a (DE-599)GBV592713059 | ||
| 035 | |a (ST16)SBB16 | ||
| 040 | |a DE-627 |b ger |c DE-627 |e rakwb | ||
| 084 | |a 1 |2 ssgn | ||
| 100 | 0 | |0 (DE-588)118575228 |0 (DE-627)134381157 |0 (DE-576)318765039 |4 aut |a Lucianus |c Samosatensis |d 120-180 | |
| 109 | |a Samosata, Luciano di 120-180 |a Lukianos von Samosata 120-180 |a Luciano Sofista 120-180 |a Lucian of Samosata 120-180 |a Lucien de Samosate 120-180 |a Lucian 120-180 |a Lucianus de Samosata 120-180 |a Lucianus 120-180 |a Lukianos Sophist 120-180 |a Lūkijānūs as-Sumaisāṭī 120-180 |a Lucianus Samosatenus 120-180 |a Lukianos Samōsateōs 120-180 |a Samosata, Lucianne de 120-180 |a Lucianus Satiricus 120-180 |a L. de Samosate 120-180 |a Lukianus von Samosata 120-180 |a Luciano de Samósata 120-180 |a Samosata, Lucian of 120-180 |a Samosata, Luciano de 120-180 |a Lucian Of Samosata 120-180 |a Lucius de Patras 120-180 |a Somosatensis, Lucianus 120-180 |a Lucianus De Samosata 120-180 |a Antiochien, Lukina von 120-180 |a Lucianos 120-180 |a Lukianos Samosatēs 120-180 |a Lukian von Samosata 120-180 |a Lukian iz Samosaty 120-180 |a Antiochien, Lucian von 120-180 |a Lucian Von Antiochien 120-180 |a Lukian Von Antiochien 120-180 |a Lūqijānūs as-Sumaisāṭī 120-180 |a Lucian Samosatensis 120-180 |a Lucius Philosophus 120-180 |a Ljukijan iz Samosati 120-180 |a Samosata, Lukian von 120-180 |a Lucian of Samosta 120-180 |a Lutianus 120-180 |a Lukianos 120-180 |a Luciano di Samosata 120-180 |a Lucius 120-180 |a Llucià 120-180 |a Lucian von Samosata 120-180 |a Lucien 120-180 |a Lucianus Samosatensis 120-180 |a Lucíanus, Samosatensīs 120-180 |a Antiochenus, Lucianus 120-180 |a Lucien Sophiste 120-180 |a Lucian Von Samosata 120-180 |a Luciano 120-180 |a Lucianus Samosateus 120-180 |a Lucianus Philosophus 120-180 |a Lucianne de Samosata 120-180 |a Samosata, Lucianus de 120-180 |a Antiocheia, Lukianos von 120-180 |a Lucianus Antiochenus 120-180 |a Lukianus 120-180 |a Lukian 120-180 |a Lukian Antiochenus 120-180 |a Lukianos Von Antiocheia 120-180 |a Antiochenus, Lukian 120-180 |a De Samosata, Lucianus 120-180 |a Lucianus Sophista 120-180 |a Loukianos ho Samosateos 120-180 |a Samosata, Lucian von 120-180 |a Lukios von Patrai 120-180 |a Luḳiyanus 120-180 |a Pseudo-Lucianus Samosatensis 120-180 | ||
| 245 | 1 | 0 | |a Lukianu |b = Luciani opera |
| 246 | 3 | 1 | |a Luciani opera |
| 246 | 3 | 3 | |a Opera |
| 264 | 1 | |c 1503 | |
| 300 | |a S.1 - 449 | ||
| 336 | |a Text |b txt |2 rdacontent | ||
| 337 | |a ohne Hilfsmittel zu benutzen |b n |2 rdamedia | ||
| 338 | |a Band |b nc |2 rdacarrier | ||
| 773 | 0 | 8 | |i Enthalten in |a Lucianus, Samosatensis, 120 - 180 |t Opera |d Venetiis : Aldus, 1503 |g (1503), 1 |h [1] Bl., 571 S., [1] Bl. |w (DE-627)143889141 |w (DE-576)914388914X |7 nnam |
| 773 | 1 | 8 | |g year:1503 |g number:1 |
| 776 | 0 | 8 | |i Elektronische Reproduktion |a Lucianus, Samosatensis, 120 - 180 |t Lukianu |d 1503 |h S. 1 - 449 |w (DE-627)1775815641 |k Electronic |
| 935 | |a RFBW |a mteo |a LBOALD | ||
| 951 | |a AR | ||
| ELC | |b 1 | ||
| LOK | |0 000 xxxxxcx a22 zn 4500 | ||
| LOK | |0 001 4544850401 | ||
| LOK | |0 003 DE-627 | ||
| LOK | |0 004 592713059 | ||
| LOK | |0 005 20240702101301 | ||
| LOK | |0 008 240702||||||||||||||||ger||||||| | ||
| LOK | |0 040 |a DE-Tue135 |c DE-627 |d DE-Tue135 | ||
| LOK | |0 092 |o n | ||
| LOK | |0 852 |a DE-Tue135 | ||
| LOK | |0 852 1 |9 00 | ||
| LOK | |0 866 |x SPQUE#Reformationsgeschichtliche Forschungsbibliothek Wittenberg#SPSAM#Übergeordnete Werke | ||
| LOK | |0 935 |a RFBW |a rfuw | ||
| LOK | |0 939 |a 02-07-24 |b l01 | ||
| ORI | |a SA-MARC-ixtheoa001.raw | ||